000 00689nam a2200229Ia 4500
003 GCL
008 140319s9999 xx 000 0 ara d
040 _aGCL /
_cGCL
082 0 4 _a131.32
_bد ع
100 1 _aديتمار، برنارد
245 1 0 _aعش بحكمة تعش سليما /
_cديتمار، برنارد
700 1 _aهتشيكر, ارنولد
700 1 _aبوشيه ، فيكتور
260 _a[S.N] :
_bالمؤسسة العربية الحديثة
300 _a232 ص
490 _aكتابى
_v0
650 0 4 _aعلم النفس
650 0 4 _aالزواج
650 0 4 _aالحياة
650 0 4 _aالعلاقات الاجتماعية
942 _2ddc
_cBK
999 _c37499
_d37499